|
|
|
|
| LEADER |
00000nam0a2200000 4500 |
| 001 |
72551 |
| 005 |
20231031083529.0 |
| 010 |
|
|
|a 5746410381
|
| 035 |
|
|
|a (RuTPU)RU\TPU\book\77360
|
| 090 |
|
|
|a 72551
|
| 100 |
|
|
|a 20050127d1993 m y0rusy50 ca
|
| 101 |
0 |
|
|a rus
|
| 102 |
|
|
|a RU
|
| 105 |
|
|
|a a z 001zy
|
| 200 |
1 |
|
|a Компьютерная школа. Первый цикл
|f Ю. К. Ситников
|
| 210 |
|
|
|a Казань
|c Изд-во Казанского ун-та
|d 1993
|
| 215 |
|
|
|a 59 с.
|c ил.
|
| 320 |
|
|
|a Библиогр.: с. 55-56
|
| 320 |
|
|
|a Словарь: с. 54
|
| 610 |
1 |
|
|a персональные компьютеры
|
| 610 |
1 |
|
|a файловые системы
|
| 610 |
1 |
|
|a операционные системы
|
| 610 |
1 |
|
|a сервисная оболочка
|
| 610 |
1 |
|
|a Norton Commander
|
| 610 |
1 |
|
|a редактирование текста
|
| 675 |
|
|
|a 681.3-181.4
|v 3
|
| 700 |
|
1 |
|a Ситников
|b Ю. К.
|g Юрий Кириллович
|
| 801 |
|
1 |
|a RU
|b 63413507
|c 20050127
|g PSBO
|
| 801 |
|
2 |
|a RU
|b 63413507
|c 20160212
|g PSBO
|
| 942 |
|
|
|c BK
|